First Five 'B' TV Characters Quiz Stats

 Plays Quiz not verified by Sporcle

Score 0/30 Timer 06:00
0 Plays Today
Hint Answer % Correct
Buffy the Vampire Slayer Buffy Summers
90.2%
(The) Big Bang Theory Sheldon Cooper
88.6%
(The) Big Bang Theory Penny
82.4%
(The) Big Bang Theory Leonard Hofstadter
79.2%
(The) Big Bang Theory Raj Koothrappali
78.4%
Breaking Bad Walter White
78.1%
(The) Brady BunchMarcia
73.8%
(The) Big Bang Theory Howard Wolowitz
70.6%
(The) Brady BunchMike
68.5%
(The) Brady BunchGreg
65.9%
(The) Brady BunchAlice
65.5%
(The) Brady BunchCarol
64.5%
Bewitched Samantha Stephens
59.8%
Breaking Bad Jesse Pinkman
55.3%
Buffy the Vampire Slayer Willow Rosenberg
49%
Hint Answer % Correct
Bewitched Darrin Stephens
48.1%
Breaking Bad Skyler White
43.7%
Buffy the Vampire Slayer Xander Harris
38.9%
Bonanza**Hoss Cartwright
37.1%
Buffy the Vampire Slayer Spike
36.7%
Bewitched Tabitha Stephens
35.5%
Bonanza**Little Joe Cartwright
33.3%
Buffy the Vampire Slayer Rupert Giles
31.8%
Breaking Bad Hank Schrader
31.2%
Bewitched Endora
29.5%
Bonanza**Ben Cartwright
26.5%
Bonanza**Adam Cartwright
22.3%
Breaking Bad Marie Schrader
20.4%
Bewitched Larry Tate
19.4%
Bonanza**Hop Sing
14%

You're not logged in!

Compare scores with friends on all Sporcle quizzes.
OR
Log In

Sporcle TV

Today on Sporcle TV


Watch our educational content, quiz creation guides, and fun videos on Sporcle TV.

Show Comments

Extras

Top Quizzes Today


Score Distribution

Your Account Isn't Verified!

In order to create a playlist on Sporcle, you need to verify the email address you used during registration. Go to your Sporcle Settings to finish the process.

Report this User

Report this user for behavior that violates our Community Guidelines.

Details: